[Event "12th LCC English Rapid"]
[Site "London ENG"]
[Date "2021.12.11"]
[Round "1.1"]
[White "Harvey, Marcus R"]
[Black "Ghasi, Ameet K"]
[Result "1-0"]
[WhiteTitle "FM"]
[BlackTitle "IM"]
[WhiteElo "2464"]
[BlackElo "2485"]
[WhiteFideId "400092"]
[BlackFideId "409200"]
[EventDate "2021.12.11"]

1. Nf3 Nf6 2. b3 g6 3. Bb2 Bg7 4. g3 O-O 5. Bg2 c5 6. c4 d6 7. d4 Qa5+ 8. Qd2
Qxd2+ 9. Nbxd2 Nfd7 10. O-O Nc6 11. e3 Rb8 12. Rab1 b5 13. Ne1 Nd8 14. Nd3 cxd4
15. exd4 bxc4 16. Nxc4 Ba6 17. Rfe1 Bxc4 18. bxc4 Ne6 19. d5 Nec5 20. Bxg7 Rxb1
21. Rxb1 Kxg7 22. Nxc5 Nxc5 23. Kf1 Rc8 24. Ke2 Kf6 25. f4 g5 26. fxg5+ Kxg5 27.
Ke3 Rc7 28. Kd4 h5 29. Bf3 Rb7 30. h4+ Kg6 31. Rxb7 Nxb7 32. g4 hxg4 33. Bxg4
Nc5 34. Bd1 Nd7 35. Ba4 Nc5 36. Bd1 Kf5 37. Bh5 f6 38. Ke3 Nd7 39. Be2 Nc5 40.
Kf3 Nd7 41. Bd3+ Ke5 42. Kg4 Kd4 43. Bf1 Ke4 44. Bg2+ Kd4 45. Kf5 Nf8 46. Bf1 a5
47. h5 a4 48. a3 Kc3 49. h6 Kb3 50. c5 dxc5 51. d6 exd6 52. Kxf6 Kxa3 53. Bc4
Kb4 54. Kg7 Nd7 55. Be6 a3 56. h7 Ne5 57. h8=Q Nc6 58. Qh4+ Nd4 59. Qe1+ Ka4 60.
Qd1+ Kb4 61. Qb1+ Kc3 62. Qc1+ Kb4 63. Qc4+ Ka5 64. Bd7 1-0

[Event "12th LCC English Rapid"]
[Site "London ENG"]
[Date "2021.12.11"]
[Round "1.2"]
[White "Horton, Andrew P"]
[Black "Speelman, Jon S"]
[Result "0-1"]
[WhiteTitle "IM"]
[BlackTitle "GM"]
[WhiteElo "2366"]
[BlackElo "2504"]
[WhiteFideId "424269"]
[BlackFideId "400033"]
[EventDate "2021.12.11"]

1. d4 Nf6 2. c4 e6 3. g3 d5 4. Nf3 Be7 5. Bg2 O-O 6. O-O dxc4 7. Qc2 a6 8. a4
Bd7 9. Rd1 Bc6 10. Nc3 Nd5 11. e4 Nxc3 12. bxc3 b6 13. Ne5 Bb7 14. Nxc4 Nd7 15.
Rb1 Ra7 16. Qe2 Qa8 17. Ba3 Bxa3 18. Nxa3 Nf6 19. f3 Qe8 20. a5 b5 21. c4 c6 22.
e5 Nd7 23. f4 Qe7 24. Qe3 b4 25. Nc2 c5 26. d5 Rfa8 27. Qe2 Rc8 28. Ne3 Nf8 29.
h4 Re8 30. Kh2 Raa8 31. Qf2 Qc7 32. h5 h6 33. d6 Qd7 34. Nf1 Bxg2 35. Qxg2 Qd8
36. Ra1 Nd7 37. Nd2 f6 38. exf6 Qxf6 39. Nf3 Rab8 40. Re1 Qf5 41. Ne5 Qxh5+ 42.
Kg1 Nxe5 43. Rxe5 Qg6 44. Re3 b3 45. Qb2 Red8 46. Rd1 Qc2 47. Rb1 Qxc4 48. Rxb3
Rxb3 49. Qxb3 Qd4+ 50. Kh2 Rxd6 51. Rb2 c4 52. Qb8+ Kh7 53. Rc2 Rd5 54. Qb2 Rh5+
55. Kg2 Qe4+ 0-1

[Event "12th LCC English Rapid"]
[Site "London ENG"]
[Date "2021.12.11"]
[Round "1.4"]
[White "Trent, Lawrence"]
[Black "Gormally, Daniel W"]
[Result "1/2-1/2"]
[WhiteTitle "IM"]
[BlackTitle "GM"]
[WhiteElo "2401"]
[BlackElo "2483"]
[WhiteFideId "408638"]
[BlackFideId "406465"]
[EventDate "2021.12.11"]

1. d4 Nf6 2. Nc3 d6 3. e4 g6 4. Bg5 Bg7 5. e5 Nfd7 6. exd6 cxd6 7. Nf3 h6 8. Be3
Nc6 9. Qd2 Qa5 10. Be2 Nb6 11. O-O Be6 12. Rfd1 Nd5 13. Nxd5 Bxd5 14. c3 Rc8 15.
h3 Qc7 16. c4 Bxf3 17. Bxf3 O-O 18. Rac1 Kh7 19. h4 h5 20. Qe2 e5 21. Bxc6 Qxc6
22. dxe5 Bxe5 23. b3 Rfe8 24. Qd2 a6 25. Qd5 Re6 26. Rd3 Rce8 27. Qxc6 bxc6 28.
Rcd1 c5 29. Kf1 f5 30. Bd2 Bd4 31. Bc3 Bxc3 32. Rxc3 Re2 33. a4 Rb2 34. g3 Ree2
35. Rf3 Re6 36. Re1 Re4 37. Rd3 Rd4 38. Red1 Rxb3 39. Rxd4 cxd4 40. Rxd4 Rb4 41.
a5 Ra4 42. Rxd6 Rxa5 43. Rd7+ Kh6 44. Rc7 Ra2 45. c5 Rc2 46. Ra7 Rxc5 1/2-1/2

[Event "12th LCC English Rapid"]
[Site "London ENG"]
[Date "2021.12.11"]
[Round "1.5"]
[White "McShane, Luke J"]
[Black "Adams, Michael"]
[Result "1-0"]
[WhiteTitle "GM"]
[BlackTitle "GM"]
[WhiteElo "2655"]
[BlackElo "2700"]
[WhiteFideId "404853"]
[BlackFideId "400041"]
[EventDate "2021.12.11"]

1. e4 e5 2. Nf3 Nc6 3. Bb5 a6 4. Bxc6 dxc6 5. O-O Bd6 6. d4 exd4 7. Qxd4 f6 8.
Nbd2 Be6 9. e5 fxe5 10. Nxe5 Ne7 11. Re1 O-O 12. Ndf3 Bd5 13. Bg5 h6 14. Bxe7
Bxe7 15. Rad1 Bxf3 16. Nxf3 Qxd4 17. Nxd4 Bf6 18. b3 Rad8 19. Ne6 Rxd1 20. Rxd1
Re8 21. Nf4 Re5 22. Nd3 Ra5 23. a4 h5 24. Re1 Kf7 25. Kf1 Rf5 26. Re4 c5 27. Ke2
h4 28. h3 b6 29. Ne1 Rd5 30. Nf3 g5 31. Ne1 Bc3 32. Nd3 Bf6 33. Kf3 c6 34. Ke3
Bd4+ 35. Ke2 Bf6 36. c4 Rd8 37. a5 bxa5 38. Nxc5 Rb8 39. Re3 Bd4 40. Rf3+ Kg6
41. Ne4 a4 42. bxa4 Rb4 43. Kd3 c5 44. Rf8 Rxa4 45. Rg8+ Kf7 46. Rxg5 Ra3+ 47.
Ke2 Ra2+ 48. Kf3 a5 49. Nxc5 Rxf2+ 50. Ke4 Bxc5 51. Rxc5 Rxg2 52. Rxa5 Rg3 53.
Rf5+ Ke6 54. Rf3 Rg1 55. Rf4 Kd6 56. Rxh4 Kc5 57. Kf3 Rf1+ 58. Ke3 Ra1 59. Kf2
Ra2+ 60. Ke3 Ra3+ 61. Ke4 Kxc4 62. Rh6 Kc5 63. h4 Ra1 64. h5 Re1+ 65. Kf5 Rf1+
66. Ke6 Ra1 67. Rg6 Ra6+ 68. Kf5 Ra5 69. h6 Kd4+ 70. Kf6 Ra6+ 71. Kg7 Ra7+ 72.
Kg8 Ra8+ 73. Kf7 Ra7+ 74. Kf6 Ra6+ 75. Kg5 Ra5+ 76. Kg4 Ra1 77. Re6 Kd5 78. Re3
Ra8 79. Kh5 Ra7 80. Kg5 Kd4 81. Rh3 Kd5 1-0

[Event "12th LCC English Rapid"]
[Site "London ENG"]
[Date "2021.12.11"]
[Round "2.2"]
[White "Gormally, Daniel W"]
[Black "McShane, Luke J"]
[Result "0-1"]
[WhiteTitle "GM"]
[BlackTitle "GM"]
[WhiteElo "2483"]
[BlackElo "2655"]
[WhiteFideId "406465"]
[BlackFideId "404853"]
[EventDate "2021.12.11"]

1. e4 e5 2. Nf3 Nc6 3. Bb5 Nf6 4. d3 Bc5 5. Bxc6 dxc6 6. O-O Qe7 7. Nbd2 Bg4 8.
h3 Bh5 9. Re1 Nd7 10. Nf1 Nf8 11. Ng3 Bxf3 12. Qxf3 Ne6 13. Nf5 Qf6 14. c3 g6
15. Nd6+ Ke7 16. Qxf6+ Kxf6 17. Nc4 a5 18. a4 Rhd8 19. Rd1 h5 20. h4 Bd6 21. Be3
c5 22. g3 Kg7 23. Kg2 b6 24. Rf1 f5 25. Rae1 Re8 26. Bc1 f4 27. gxf4 exf4 28.
Kf3 Be7 29. Rh1 Rad8 30. Ke2 f3+ 31. Kd2 Rf8 32. Rh3 Nf4 33. Re3 Nxh3 0-1

[Event "12th LCC English Rapid"]
[Site "London ENG"]
[Date "2021.12.11"]
[Round "2.3"]
[White "Haria, Ravi"]
[Black "Trent, Lawrence"]
[Result "0-1"]
[WhiteTitle "IM"]
[BlackTitle "IM"]
[WhiteElo "2490"]
[BlackElo "2401"]
[WhiteFideId "415820"]
[BlackFideId "408638"]
[EventDate "2021.12.11"]

1. e4 e5 2. Nf3 Nc6 3. Bc4 Nf6 4. d3 h6 5. c3 d6 6. a4 Be7 7. O-O O-O 8. Re1 Nh7
9. Be3 Kh8 10. d4 f5 11. dxe5 fxe4 12. exd6 Bxd6 13. Nd4 Ne5 14. Be2 Ng5 15. Nd2
Nd3 16. Rf1 Nf4 17. Bg4 Nxg2 18. Kxg2 Nf3 19. Bxc8 Qxc8 20. Rh1 Nh4+ 21. Kf1
Qh3+ 22. Ke2 Rxf2+ 23. Kxf2 Rf8+ 0-1

[Event "12th LCC English Rapid"]
[Site "London ENG"]
[Date "2021.12.11"]
[Round "2.4"]
[White "Speelman, Jon S"]
[Black "Jones, Gawain C B"]
[Result "0-1"]
[WhiteTitle "GM"]
[BlackTitle "GM"]
[WhiteElo "2504"]
[BlackElo "2665"]
[WhiteFideId "400033"]
[BlackFideId "409561"]
[EventDate "2021.12.11"]

1. Nf3 Nf6 2. c4 g6 3. b3 Bg7 4. Bb2 c5 5. e3 O-O 6. Be2 Nc6 7. O-O d5 8. cxd5
Qxd5 9. Nc3 Qf5 10. Rc1 Rd8 11. d3 b6 12. a3 Bb7 13. Qc2 Rac8 14. Qb1 Qe6 15.
Ba1 Ng4 16. Rfe1 Nce5 17. Nxe5 Bxe5 18. h3 Bh2+ 19. Kf1 Nxe3+ 20. fxe3 Qf5+ 0-1

[Event "12th LCC English Rapid"]
[Site "London ENG"]
[Date "2021.12.11"]
[Round "2.5"]
[White "Harvey, Marcus R"]
[Black "Horton, Andrew P"]
[Result "1-0"]
[WhiteTitle "FM"]
[BlackTitle "IM"]
[WhiteElo "2464"]
[BlackElo "2366"]
[WhiteFideId "400092"]
[BlackFideId "424269"]
[EventDate "2021.12.11"]

1. c4 c5 2. Nf3 g6 3. d4 cxd4 4. Nxd4 Nc6 5. e4 Nf6 6. Nc3 d6 7. Be2 Nxd4 8.
Qxd4 Bg7 9. Bg5 O-O 10. Qd2 a5 11. O-O a4 12. Rac1 Qa5 13. f3 Be6 14. Nd5 Bxd5
15. Qxa5 Rxa5 16. cxd5 Rb8 17. Bd2 Raa8 18. Bb5 Nh5 19. g4 Bd4+ 20. Kg2 Nf6 21.
Rc4 Bxb2 22. g5 Nh5 23. Rxa4 Rxa4 24. Bxa4 b5 25. Bc2 Rc8 26. Bb3 h6 27. gxh6
Kh7 28. h4 Be5 29. f4 Bc3 30. Rc1 b4 31. Kf3 Kxh6 32. a4 Rc5 33. Be3 Rc8 34. a5
Nf6 35. a6 Nd7 36. Rc2 Nc5 37. Bxc5 dxc5 38. Bc4 Ra8 39. Ra2 Ra7 40. e5 Kg7 41.
Ke4 Kf8 42. d6 Ke8 43. Kd5 Bd4 44. Kc6 b3 45. Bxb3 c4 46. Bxc4 Be3 47. Rb2 Ra8
48. d7+ Kd8 49. f5 Bd4 50. fxg6 fxg6 51. Rg2 Ra7 52. e6 Rc7+ 53. Kb5 Rc5+ 54.
Kb4 Rh5 55. Rxg6 Rh8 56. h5 Kc7 57. h6 Rb8+ 58. Bb5 Rh8 59. h7 Rxh7 60. Rg8 Bc5+
61. Kxc5 Rh5+ 62. Kd4 1-0

[Event "12th LCC English Rapid"]
[Site "London ENG"]
[Date "2021.12.11"]
[Round "3.1"]
[White "Horton, Andrew P"]
[Black "Ghasi, Ameet K"]
[Result "0-1"]
[WhiteTitle "IM"]
[BlackTitle "IM"]
[WhiteElo "2366"]
[BlackElo "2485"]
[WhiteFideId "424269"]
[BlackFideId "409200"]
[EventDate "2021.12.11"]

1. d4 Nf6 2. c4 g6 3. g3 Bg7 4. Bg2 O-O 5. Nc3 d6 6. Nf3 Nc6 7. O-O Bf5 8. d5
Na5 9. Nd2 c5 10. e4 Bd7 11. Qc2 a6 12. Rb1 b5 13. b3 Rb8 14. Bb2 e5 15. Ne2 h5
16. h3 h4 17. g4 Nh7 18. f4 Qe7 19. Bc3 Nb7 20. Rbe1 Rbe8 21. Nf3 Qd8 22. f5 Bf6
23. Bd2 Kh8 24. Qc1 g5 25. a3 Qe7 26. Qc2 Rb8 27. Rb1 Rfc8 28. Rfc1 Qd8 29. Bf1
b4 30. Ne1 a5 31. Nd3 Ra8 32. Ra1 bxa3 33. Rxa3 Qe8 34. Rca1 Bd8 35. Nc3 Kg7 36.
Nb5 Bb6 37. Kg2 Bd8 38. Nc3 Rab8 39. Na4 Nf8 40. Qc1 Nh7 41. Bc3 Bc7 42. Ne1 Qe7
43. Nf3 f6 44. Bd3 Be8 45. Bd2 Nd8 46. Qe1 Bxa4 47. Rxa4 Rxb3 48. Bc2 Rb4 49.
Bxb4 cxb4 50. Qe3 Rb8 51. Bb3 Bb6 52. Qe2 Nb7 53. Nd2 Nf8 54. R4a2 Nd7 55. Ba4
Bd4 56. Rb1 Ndc5 57. Bc6 Qc7 58. Kf3 Bc3 59. Nf1 Nd8 60. Bb5 Ra8 61. Ne3 Rb8 62.
Rc1 Nb3 63. Qd1 Nxc1 64. Qxc1 Bd4 65. Qd2 Qb6 66. Nd1 Nb7 67. Qc1 Nc5 68. Qb1 b3
69. Ra3 a4 70. Kg2 Qa5 71. Ra1 Qd2+ 72. Kh1 Qe1+ 73. Kg2 Qg3+ 74. Kf1 Qxh3+ 75.
Ke2 Qxg4+ 0-1

[Event "12th LCC English Rapid"]
[Site "London ENG"]
[Date "2021.12.11"]
[Round "3.2"]
[White "Jones, Gawain C B"]
[Black "Harvey, Marcus R"]
[Result "1-0"]
[WhiteTitle "GM"]
[BlackTitle "FM"]
[WhiteElo "2665"]
[BlackElo "2464"]
[WhiteFideId "409561"]
[BlackFideId "400092"]
[EventDate "2021.12.11"]

1. e4 c6 2. c4 d5 3. exd5 cxd5 4. cxd5 Nf6 5. Nc3 Nxd5 6. Nf3 e6 7. Bc4 Be7 8.
O-O O-O 9. d4 Nc6 10. Re1 b6 11. Nxd5 exd5 12. Bd3 Nb4 13. Bb1 Bb7 14. Ne5 Rc8
15. Bf4 Bd6 16. Re3 g6 17. Rg3 Nc6 18. Bf5 Rc7 19. Qd3 Nxe5 20. dxe5 Bc5 21. e6
Bd6 22. exf7+ Rfxf7 23. Bxd6 Qxd6 24. Bxg6 Rg7 25. Bxh7+ Kh8 26. Bg6 Qf4 27. Re1
Rc1 28. Re3 Rxe1+ 29. Rxe1 Bc8 30. Re8+ Rg8 31. Qc3+ d4 32. Rxg8+ Kxg8 33. Qxc8+
Kg7 34. Bd3 1-0

[Event "12th LCC English Rapid"]
[Site "London ENG"]
[Date "2021.12.11"]
[Round "3.3"]
[White "Trent, Lawrence"]
[Black "Speelman, Jon S"]
[Result "1/2-1/2"]
[WhiteTitle "IM"]
[BlackTitle "GM"]
[WhiteElo "2401"]
[BlackElo "2504"]
[WhiteFideId "408638"]
[BlackFideId "400033"]
[EventDate "2021.12.11"]

1. e4 c6 2. Nc3 d5 3. Qf3 e6 4. d4 Nf6 5. e5 Nfd7 6. Qg3 a6 7. Nf3 c5 8. dxc5
Nc6 9. Be2 Nxc5 10. O-O b5 11. a3 h6 12. Rd1 Qc7 13. Be3 Nd7 14. Nxd5 exd5 15.
e6 Qxg3 16. exd7+ Bxd7 17. hxg3 Be6 18. Nd4 Nxd4 19. Bxd4 f6 20. Re1 Kd7 21.
Rad1 Bd6 22. Bf3 Rhe8 23. Bc3 Bf7 24. Bxd5 Rxe1+ 25. Bxe1 Bxd5 26. Rxd5 Kc6 27.
Rd1 Be5 28. b3 a5 29. a4 bxa4 30. bxa4 Rb8 31. Bxa5 Ra8 32. Bd2 Rxa4 33. Be3 h5
34. Kf1 Ra2 35. c4 Bd6 36. Rd5 Rc2 37. Rxh5 Rxc4 38. Ke2 Kd7 39. Rh7 Bf8 40. Kd3
Rc7 41. g4 Ke6 42. Rh5 Kf7 43. Rb5 Rd7+ 44. Ke2 g6 45. Kf3 Bd6 46. Rb6 Be5 47.
Ke4 Rd6 48. Rb7+ Ke6 49. Kf3 f5 50. gxf5+ gxf5 51. Rh7 Rd7 52. Rh6+ Kf7 53. Bf4
Bxf4 54. Kxf4 Rd2 55. Ke3 Ra2 56. g3 Ra4 57. Kf3 Kg7 58. Rb6 Kf7 59. Kg2 Kg7 60.
Kh3 Kf7 61. f4 Ra3 62. Kh4 Rc3 63. Ra6 Rb3 64. Kg5 Rxg3+ 65. Kxf5 Rb3 66. Ra7+
Kf8 67. Kg5 Rb6 68. f5 Kg8 69. f6 Rb1 70. Kg6 Rg1+ 71. Kf5 Rf1+ 72. Kg6 Rg1+ 73.
Kf5 1/2-1/2

[Event "12th LCC English Rapid"]
[Site "London ENG"]
[Date "2021.12.11"]
[Round "3.4"]
[White "McShane, Luke J"]
[Black "Haria, Ravi"]
[Result "1-0"]
[WhiteTitle "GM"]
[BlackTitle "IM"]
[WhiteElo "2655"]
[BlackElo "2490"]
[WhiteFideId "404853"]
[BlackFideId "415820"]
[EventDate "2021.12.11"]

1. e4 e6 2. d4 d5 3. e5 c5 4. c3 Qb6 5. Nf3 Nc6 6. Be2 cxd4 7. cxd4 Nh6 8. Bd3
Nf5 9. Bxf5 exf5 10. Nc3 Be6 11. h4 h6 12. Ne2 Rc8 13. O-O Be7 14. g3 Kd7 15.
Kg2 Kc7 16. Rb1 Kb8 17. b4 Rcg8 18. Rh1 Qd8 19. Bd2 g5 20. Qa4 Ka8 21. b5 Nb8
22. hxg5 hxg5 23. Rxh8 Rxh8 24. Rh1 Rxh1 25. Kxh1 f4 26. gxf4 Qh8+ 27. Kg1 Qh5
28. Qb3 Qg4+ 29. Kf1 Qh3+ 30. Ke1 Qh1+ 31. Nfg1 gxf4 32. Bxf4 Nd7 33. Kf1 Nb6
34. Qg3 Qh7 35. Kg2 Nd7 36. Bg5 Bb4 37. Qh4 Qg7 38. Ng3 b6 39. N1e2 Kb7 40. a4
a6 41. Nf4 axb5 42. axb5 Nf8 43. Be7 Bd2 44. Bd6 Bxf4 45. Qd8 Nd7 46. Qc7+ 1-0

[Event "12th LCC English Rapid"]
[Site "London ENG"]
[Date "2021.12.11"]
[Round "4.1"]
[White "Ghasi, Ameet K"]
[Black "Gormally, Daniel W"]
[Result "1-0"]
[WhiteTitle "IM"]
[BlackTitle "GM"]
[WhiteElo "2485"]
[BlackElo "2483"]
[WhiteFideId "409200"]
[BlackFideId "406465"]
[EventDate "2021.12.11"]

1. Nf3 Nf6 2. g3 g6 3. b3 Bg7 4. Bb2 O-O 5. Bg2 d5 6. c4 c6 7. O-O Bg4 8. d3
Bxf3 9. Bxf3 Re8 10. Nd2 e5 11. Qc2 Na6 12. Rad1 Qd7 13. a3 Qh3 14. Bg2 Qe6 15.
b4 Rad8 16. e3 Nc7 17. cxd5 Ncxd5 18. Nc4 Nd7 19. Na5 Rb8 20. Qb3 Nc7 21. Qc2
Nd5 22. Rc1 h5 23. Qb3 Nc7 24. Qxe6 Nxe6 25. Rfd1 a6 26. Nc4 Re7 27. a4 Nc7 28.
Bh3 Nf8 29. Nd6 Nfe6 30. Nc4 Ng5 31. Bg2 Rd8 32. h4 Nh7 33. Na5 Nd5 34. Ba3 Red7
35. Bh3 f5 36. e4 Ne7 37. b5 axb5 38. axb5 cxb5 39. Nb3 b6 40. Bxe7 Rxe7 41.
exf5 g5 42. hxg5 Nxg5 43. Bg2 Red7 44. Bc6 Rxd3 45. Rxd3 Rxd3 46. Bxb5 Rf3 47.
Rc8+ Kh7 48. Nd2 Nh3+ 49. Kf1 Rxf2+ 50. Ke1 e4 51. Bf1 Rh2 52. Nxe4 Ng1 53. f6
Nf3+ 54. Kd1 Bxf6 55. Nxf6+ Kg6 56. Ne4 Kf5 57. Bd3 Ke5 58. Rf8 Rh1+ 59. Ke2
Nd4+ 60. Ke3 Re1+ 61. Kd2 Rg1 62. Re8+ Kf5 63. Ke3 Nc6 64. Rf8+ Ke5 65. Rh8 Rh1
66. Nf2 Re1+ 67. Kd2 Rg1 68. Rxh5+ Kd6 69. g4 Ne5 70. Be2 b5 71. Ne4+ Ke6 72. g5
b4 73. Rh6+ Kd5 74. Ke3 Nf7 75. Rh5 Ne5 76. Rh6 Nf7 77. Rh5 Ne5 78. Rh7 Ra1 79.
Rh6 Rg1 1-0

[Event "12th LCC English Rapid"]
[Site "London ENG"]
[Date "2021.12.11"]
[Round "4.2"]
[White "Haria, Ravi"]
[Black "Adams, Michael"]
[Result "1/2-1/2"]
[WhiteTitle "IM"]
[BlackTitle "GM"]
[WhiteElo "2490"]
[BlackElo "2700"]
[WhiteFideId "415820"]
[BlackFideId "400041"]
[EventDate "2021.12.11"]

1. e4 e5 2. Nf3 Nc6 3. Bc4 Bc5 4. c3 Nf6 5. d3 d6 6. O-O h6 7. Re1 O-O 8. h3 a5
9. d4 Bb6 10. Bb3 Re8 11. Bc2 exd4 12. cxd4 Nb4 13. Nc3 Nxc2 14. Qxc2 d5 15. e5
Ne4 16. Be3 Bf5 17. Nd2 Bg6 18. Ndxe4 dxe4 19. Rad1 Ra6 20. Qb3 Qd7 21. Na4 Bf5
22. Rd2 Qe7 23. Rc1 Rd8 24. Qc3 Be6 25. Nxb6 cxb6 26. d5 Rxd5 27. Rxd5 Bxd5 28.
Qc8+ Qf8 29. Qd7 Bc6 30. Qg4 Kh8 31. Rd1 Ra8 32. Bxb6 Qe7 33. Bd4 Bd5 34. a3 a4
35. Qf4 Qe6 36. Bc3 Rd8 37. Rd4 b5 38. Kh2 1/2-1/2

[Event "12th LCC English Rapid"]
[Site "London ENG"]
[Date "2021.12.11"]
[Round "4.3"]
[White "Speelman, Jon S"]
[Black "McShane, Luke J"]
[Result "1/2-1/2"]
[WhiteTitle "GM"]
[BlackTitle "GM"]
[WhiteElo "2504"]
[BlackElo "2655"]
[WhiteFideId "400033"]
[BlackFideId "404853"]
[EventDate "2021.12.11"]

1. Nf3 Nf6 2. d4 g6 3. Bg5 Bg7 4. Nbd2 c5 5. e3 cxd4 6. exd4 Nc6 7. c3 d6 8. Bc4
O-O 9. O-O h6 10. Bh4 Qc7 11. Re1 Bf5 12. h3 Rad8 13. Bg3 g5 14. Nf1 e5 15. Ne3
Bg6 16. Rc1 Rfe8 1/2-1/2

[Event "12th LCC English Rapid"]
[Site "London ENG"]
[Date "2021.12.11"]
[Round "4.4"]
[White "Harvey, Marcus R"]
[Black "Trent, Lawrence"]
[Result "1-0"]
[WhiteTitle "FM"]
[BlackTitle "IM"]
[WhiteElo "2464"]
[BlackElo "2401"]
[WhiteFideId "400092"]
[BlackFideId "408638"]
[EventDate "2021.12.11"]

1. Nf3 b6 2. g3 Bb7 3. Bg2 e6 4. O-O d5 5. d4 Nd7 6. Bf4 Ngf6 7. Nbd2 Be7 8. Ne5
Nxe5 9. Bxe5 O-O 10. c4 c5 11. dxc5 Ng4 12. Bd6 Bxd6 13. cxd6 Qxd6 14. cxd5 exd5
15. Nf3 Rfe8 16. Rc1 Rad8 17. Nd4 Qh6 18. h3 Ne5 19. Rc7 Bc8 20. Qc1 Qh5 21. g4
Qg6 22. Rxa7 h5 23. g5 f6 24. f4 Nf7 25. f5 Qxg5 26. Qxg5 Nxg5 27. Rc1 h4 28.
Rcc7 Kh8 29. Rxg7 Rg8 30. Rxg8+ Rxg8 31. Kf2 Re8 32. b4 Rd8 33. Ra8 Kg7 34. a4
Re8 35. a5 bxa5 36. bxa5 Nf7 37. a6 Nd6 38. a7 Bb7 39. Rb8 Ba8 40. Nb5 1-0

[Event "12th LCC English Rapid"]
[Site "London ENG"]
[Date "2021.12.11"]
[Round "4.5"]
[White "Horton, Andrew P"]
[Black "Jones, Gawain C B"]
[Result "0-1"]
[WhiteTitle "IM"]
[BlackTitle "GM"]
[WhiteElo "2366"]
[BlackElo "2665"]
[WhiteFideId "424269"]
[BlackFideId "409561"]
[EventDate "2021.12.11"]

1. d4 Nf6 2. c4 g6 3. g3 Bg7 4. Bg2 O-O 5. Nc3 d6 6. Nf3 c5 7. O-O Nc6 8. d5 Na5
9. Nd2 e6 10. Qc2 Re8 11. b3 exd5 12. cxd5 b5 13. Bb2 b4 14. Nce4 Nxe4 15. Bxe4
Bxb2 16. Qxb2 c4 17. bxc4 Nxc4 18. Nxc4 Rxe4 19. Rac1 Qe7 20. Qxb4 Bh3 21. Rfd1
Rxe2 22. Nd2 Re8 23. Nf3 Rxf2 24. Re1 Rg2+ 25. Kh1 Re2 26. Rxe2 Qxe2 27. Ng1
Bg2# 0-1

[Event "12th LCC English Rapid"]
[Site "London ENG"]
[Date "2021.12.11"]
[Round "5.1"]
[White "Jones, Gawain C B"]
[Black "Ghasi, Ameet K"]
[Result "0-1"]
[WhiteTitle "GM"]
[BlackTitle "IM"]
[WhiteElo "2665"]
[BlackElo "2485"]
[WhiteFideId "409561"]
[BlackFideId "409200"]
[EventDate "2021.12.11"]

1. e4 c6 2. c4 d5 3. exd5 cxd5 4. cxd5 Nf6 5. Nc3 g6 6. Bc4 Nbd7 7. Nf3 Bg7 8.
d3 O-O 9. O-O a6 10. a4 b6 11. Re1 Bb7 12. Bf4 b5 13. axb5 axb5 14. Rxa8 Bxa8
15. Bxb5 Nxd5 16. Nxd5 Bxd5 17. Qe2 Bxf3 18. Qxf3 Qa5 19. Qe2 Qxb5 20. Qxe7 Nf6
21. Qd6 Qxb2 22. h3 Qc3 23. Re7 Nh5 24. Be3 Bf6 25. Re4 Rd8 26. Qxd8+ Bxd8 27.
Re8+ Kg7 28. Rxd8 Nf6 29. g4 Qc7 30. Rd4 h6 31. Ra4 Qd7 32. Rd4 Nd5 33. Bc1 Qb5
34. Rc4 Qb1 35. Kh2 g5 36. Rc6 Qxd3 37. Bb2+ Kh7 38. Rc8 f6 39. Rd8 Qf3 40. h4 0-1

[Event "12th LCC English Rapid"]
[Site "London ENG"]
[Date "2021.12.11"]
[Round "5.2"]
[White "Trent, Lawrence"]
[Black "Horton, Andrew P"]
[Result "1-0"]
[WhiteTitle "IM"]
[BlackTitle "IM"]
[WhiteElo "2401"]
[BlackElo "2366"]
[WhiteFideId "408638"]
[BlackFideId "424269"]
[EventDate "2021.12.11"]

1. Nc3 d5 2. e4 d4 3. Nce2 e5 4. Ng3 Be6 5. c3 c5 6. Bb5+ Nd7 7. Nf3 f6 8. Qe2
g6 9. O-O Bg7 10. b4 Ne7 11. bxc5 dxc3 12. dxc3 O-O 13. Ba3 Nc6 14. Rfd1 Qc7 15.
Rd6 Bf7 16. Rad1 Ndb8 17. Nf1 Qa5 18. Qb2 Na6 19. Ne3 Kh8 20. Nd2 Qc7 21. Nd5
Qc8 22. Nc4 Bg8 23. Qe2 Nab8 24. Bc1 Rf7 25. Ncb6 axb6 26. Nxb6 Qc7 27. Nxa8 Qa5
28. Nb6 Bf8 29. Be3 Bxd6 30. cxd6 Nd7 31. Nd5 Rf8 32. Qb2 Qd8 33. h3 Qa5 34. a4
Qd8 35. Bf1 Qa8 36. Rb1 Bxd5 37. exd5 Nd8 38. Qb5 Qc8 39. c4 f5 40. Bg5 Nf7 41.
Be7 Re8 42. c5 Nxc5 43. Rc1 b6 44. Qxb6 1-0

[Event "12th LCC English Rapid"]
[Site "London ENG"]
[Date "2021.12.11"]
[Round "5.3"]
[White "McShane, Luke J"]
[Black "Harvey, Marcus R"]
[Result "1-0"]
[WhiteTitle "GM"]
[BlackTitle "FM"]
[WhiteElo "2655"]
[BlackElo "2464"]
[WhiteFideId "404853"]
[BlackFideId "400092"]
[EventDate "2021.12.11"]

1. e4 c6 2. Nf3 d5 3. Nc3 dxe4 4. Nxe4 Nf6 5. Qe2 Nxe4 6. Qxe4 Qd5 7. Qf4 Qd6 8.
Qe3 Bf5 9. d3 Nd7 10. g3 Qe6 11. Bg2 Qxe3+ 12. Bxe3 e5 13. O-O-O Be7 14. d4 Be4
15. Rhe1 O-O-O 16. dxe5 Nxe5 17. Bh3+ Nd7 18. Ne5 f5 19. Nf7 Rhf8 20. Nxd8 Bxd8
21. Rxd7 Kxd7 22. Bc5 Bg5+ 23. Kb1 Re8 24. Rxe4 Rxe4 25. Bxf5+ Re6 26. Bxa7 g6
27. Bxe6+ Kxe6 28. Be3 Bf6 29. f3 h5 30. h3 Kd5 31. Kc1 c5 32. a4 c4 33. b3 Be5
34. Bf2 Bc3 35. Kd1 Bb4 36. Ke2 Ba5 37. Be1 Bc7 38. Ke3 Bd6 39. g4 hxg4 40. fxg4
cxb3 41. cxb3 Bc7 42. h4 Bd8 43. Kf4 Ke6 44. h5 gxh5 45. gxh5 Kf7 46. Kf5 Kg7
47. Bd2 Bb6 48. Ke6 Bd4 49. a5 Bf2 50. b4 Bg3 51. b5 Bf2 52. Kd7 Be3 53. Bxe3 1-0

[Event "12th LCC English Rapid"]
[Site "London ENG"]
[Date "2021.12.11"]
[Round "5.4"]
[White "Adams, Michael"]
[Black "Speelman, Jon S"]
[Result "0-1"]
[WhiteTitle "GM"]
[BlackTitle "GM"]
[WhiteElo "2700"]
[BlackElo "2504"]
[WhiteFideId "400041"]
[BlackFideId "400033"]
[EventDate "2021.12.11"]

1. e4 c6 2. d4 d5 3. Nd2 dxe4 4. Nxe4 Nf6 5. Nxf6+ exf6 6. Be3 Bd6 7. Bd3 O-O 8.
Ne2 Re8 9. O-O Qc7 10. h3 Nd7 11. c4 Nf8 12. Qd2 Be6 13. Rac1 Qd7 14. Bf4 Rad8
15. Rfd1 Be7 16. Qa5 b6 17. Qa6 Ng6 18. Bg3 h5 19. d5 cxd5 20. Bxg6 fxg6 21. Nf4
d4 22. Nxg6 Bf7 23. Nxe7+ Qxe7 24. Qb5 Qe4 25. h4 d3 26. Qb4 b5 27. b3 bxc4 28.
bxc4 Rd4 29. f3 Rxc4 30. fxe4 Rxb4 31. Rxd3 Rbxe4 32. Rd7 Rg4 33. Bf2 a5 34. a3
a4 35. Rc3 Rb8 36. Rg3 Rb1+ 37. Kh2 Rxh4+ 38. Rh3 Rxh3+ 39. gxh3 Rb3 40. Rd8+
Kh7 41. Bc5 Be6 42. Ra8 Rxh3+ 43. Kg2 Bd5+ 0-1